000 00761nam a22002177a 4500
005 20170113102157.0
010 _a1617CH-EN
020 _a9788189999872
_c150.00
035 _aB-646845-873
037 _bStar/Ven
082 _aS
245 _aThe Three Gurus /
_cedited by Anant Pai
260 _bAmar Chitra Katha
_c2013
_aMumbai
270 _a14 Marthand, 4th Floor, 84 Dr. Annie Besant Road,
_bMumbai
_e400018
300 _avarious pages.
_c23cm(Hb)
_bcol.ill.
490 _aIllustrated classics form India ;no.10017
500 _a3-In-1
700 _aPai, Anant
942 _cCH
_hS
_2ddc
_mTHR
999 _c100737
_d100737